| 000 | 00525nam a22001937a 4500 | ||
|---|---|---|---|
| 003 | KOHA_MİRAKIL | ||
| 005 | 20251218092425.0 | ||
| 008 | 251218b tu ||||| |||| 00| 0 tur d | ||
| 020 | _a9786256385689 | ||
| 040 |
_aTR-AnABB _btur _cTR-AnABB |
||
| 041 | _atur | ||
| 082 |
_a297.63 _bSUL 2024 |
||
| 100 | 1 | _aÇelebi, Süleyman, | |
| 245 | 1 | 0 | _aMevlid-i Şerif / |
| 260 |
_aİstanbul : _bVakıfbank Kültür Yayınları, _c2024 |
||
| 300 |
_a158 sayfa ; _c24 cm |
||
| 650 | 0 | 4 | _aMevlid-i Şerif |
| 942 |
_2ddc _cBK |
||
| 999 |
_c9746 _d9746 |
||
| 900 | _bGizem YORULMAZ | ||